[Event "Kingston Easter U1900"]
[Site "Kingston"]
[Date "2019.04.20"]
[Round "4.34"]
[White "Hsu, Ted"]
[Black "Dickson, Raymond"]
[Result "1-0"]
[WhiteElo "1732"]
[BlackElo "1594"]
[PlyCount "93"]
[EventDate "2019.04.18"]
[EventType "swiss"]
[EventRounds "9"]
[EventCountry "CAN"]
[SourceTitle "EXT 2022"]
[Source "ChessBase"]
[SourceDate "2021.10.06"]
[SourceVersion "1"]
[SourceVersionDate "2021.10.06"]
[SourceQuality "1"]

1. d4 d5 2. Bf4 e6 3. e3 Bd6 4. Bg3 c6 5. Nf3 f5 6. c4 Nf6 7. Nc3 0-0 8. Bd3 Ne4 9. Bxd6 Qxd6 10. Qb3 Nd7 11. cxd5 cxd5 12. 0-0 a6 13. a4 Ndf6 14. h3 Rb8 15. Rfc1 Bd7 16. Ne5 Bc6 17. Rc2 Nd7 18. Nxd7 Qxd7 19. Nxe4 fxe4 20. Bf1 Rbe8 21. Qb6 Rc8 22. b4 Ra8 23. Rac1 Qf7 24. b5 axb5 25. axb5 Be8 26. Qc7 Qxc7 27. Rxc7 Ra2 28. R1c2 Rxc2 29. Rxc2 Bf7 30. Rc7 Rb8 31. Kh2 b6 32. Kg3 g5 33. f4 exf3 34. gxf3 Kg7 35. h4 gxh4+ 36. Kxh4 Kf6 37. Bh3 Bg6 38. Rc6 Bf5 39. Bg4 Rb7 40. Bxf5 Kxf5 41. Rc8 Kf6 42. Kh5 Kg7 43. Kg5 Kf7 44. Rc6 Ke7 45. f4 Kf7 46. f5 exf5 47. Kxf5 1-0

[Event "Kingston Easter U1900"]
[Site "Kingston"]
[Date "2019.04.18"]
[Round "1.34"]
[White "Dickson, Raymond"]
[Black "Sharma, Vishruth"]
[Result "0-1"]
[WhiteElo "1594"]
[BlackElo "1745"]
[PlyCount "88"]
[EventDate "2019.04.18"]
[EventType "swiss"]
[EventRounds "9"]
[EventCountry "CAN"]
[SourceTitle "EXT 2022"]
[Source "ChessBase"]
[SourceDate "2021.10.06"]
[SourceVersion "1"]
[SourceVersionDate "2021.10.06"]
[SourceQuality "1"]

1. d4 Nf6 2. e3 g6 3. Bd3 Bg7 4. f4 d5 5. Nd2 0-0 6. Ngf3 Nbd7 7. 0-0 b6 8. c3 Bb7 9. Ne5 Ne4 10. Ndf3 f6 11. Ng4 Qc8 12. Nf2 f5 13. Bd2 Ba6 14. Qe2 Bxd3 15. Qxd3 e6 16. Ne5 Nxe5 17. fxe5 Nxd2 18. Qxd2 Bh6 19. Qe2 Qd8 20. Nd3 Rf7 21. Nf4 Bxf4 22. exf4 c5 23. Rac1 Rc8 24. Qd2 Rc6 25. Rc2 Rfc7 26. Rfc1 Qc8 27. a3 cxd4 28. Qxd4 Rc4 29. Qf2 d4 30. Qd2 d3 31. Qxd3 Rxf4 32. Re1 Rd7 33. Qg3 Qc5+ 34. Kh1 Qc4 35. Kg1 Re4 36. Rcc1 Rd2 37. Rcd1 Qc5+ 38. Kf1 Qb5+ 39. Kg1 Qxb2 40. Qg5 Rxe1+ 41. Rxe1 Qxc3 42. Qf6 Qd4+ 43. Kh1 Qd5 44. Qg5 Rd1 0-1